LEADER 01509nam a2200325 u 4500 001 000000053113 003 CaOOAMICUS 005 20070226115526.0 008 001108m1965 it u000 u ita u 035 $a10860527 040 $aPUL(R)$bita 245 00$aStoria antologica dei problemi filosofici /$cdiretta da Ugo Spirito ; a cura di Augusto Guerra e Antimo Negri. 260 $aFirenze :$bSansoni,$c<1965- >. 300 $a<2 v. >; ;$c25 cm 500 $aContiene indici. 504 $aBibliografia in nota. 505 1 $av.1: Morale, I / a cura di Augusto Guerra e Antimo Negri. -- v.2: Morale, II / a cura di Antimo Negri. 650 4$aFilosofia$xStoria.$0(OLS)http://pul/subject/580 650 4$aFilosofia morale.$0(OLS)http://pul/subject/560 700 1 $aSpirito, Ugo,$d1896-1979.$0(OLS)http://pul/name/5813 700 1 $aNegri, Antimo,$d1923-$0(OLS)http://pul/name/5795 700 1 $aGuerra, Augusto.$0(OLS)http://pul/name/37798 850 $aPUL 852 $aPUL$W1$xDP1 Fondo Giannini$y60$m1552 C 12-13$j70113$nBK-PRI$b $qFondi$B70113$CPULBib$Z2$F70113 $H $81 852 $aPUL$W1$xDP1 Fondo Giannini$y60$m1552 C 12-13$j70113$nBK-PRI$b $qFondi$B70114$CPULBib$Z2$F70114 $H $81 941 1 $a1 961 $aINV: F. Giannini 961 $aINV: F. Giannini 996 $6245$aStoria antologica dei problemi filosofici$9(OLS)http://pul/title/71228 996 $6260$aFirenze :$bSansoni$9(OLS)http://pul/publisher/47896 LEADER 01185nam a2200265 a 4500 001 000000165141 003 CaOOAMICUS 005 20180123110108.0 008 180123s1995 it m u001 u fre r 032 $aLibriCat 040 $aPUL$bita 100 1 $aLa Cruz, Clarck de.$0(OLS)http://pul/name/106321 245 13$aLa problématique de l'être et de Dieu selon Etienne Gilson /$cClarck de La Cruz. 260 $aRomae :$b[s.n.],$c1995. 300 $aXIV, 197 p. ;$c24 cm. 502 $aEstratto da tesi. Pontificia Universitas Urbaniana. Facultas Philosophiae. 1995. 504 $aBibliografia in nota a piè pagina. 600 14$aGilson, Étienne ,$d1884-1978.$0(OLS)http://pul/subject/593 710 2 $aPontificia Università Urbaniana.$bFacoltà di Filosofia$kTesi.$0(OLS)http://pul/name/84517 850 $aPUL 852 $aPUL$W1$xDP1 Tesi Pon. Univ. Urbaniana$y49$mTH URB 375$j189421$qTesi$B192472$CPULBib$Z2$F192472 $H75619 $81 941 1 $a16 996 $6245$aLa problématique de l'être et de Dieu selon Etienne Gilson$9(OLS)http://pul/title/204831 996 $6260$aRomae :$b[s.n.]$9(OLS)http://pul/publisher/48223